000 00295nam a2200121Ia 4500
008 191201s2005 xx 000 0 und d
100 _aNAAGARAZAN, R S
245 0 _aTotal Quality Management
260 _aN. Delhi
_bNew Age International
_c2005
300 _a174
650 _aMBA
942 _2ddc
_cBK
999 _c159
_d159